| 000 | 00464nam a2200181Ia 4500 | ||
|---|---|---|---|
| 001 | 21206 | ||
| 005 | 20260306172902.0 | ||
| 008 | 260306t2020||||xx |||||||||||||| ||spa|| | ||
| 041 | _aESP | ||
| 082 |
_a344.2 _bP42 |
||
| 100 |
_aPeña Cabrera Freyre, Alonso Raúl, _eAUT |
||
| 245 | 0 | _aLos delitos cometidos bajo el contexto del Covid-19 | |
| 260 | _c2020 | ||
| 300 |
_a447 páginas : _c25 cm. |
||
| 650 | _aGEN | ||
| 654 | _aCDE | ||
| 942 |
_cLIB _dJUS _fJUS _2ddc _n |
||
| 999 |
_c21206 _d21206 |
||